| 000 | 00476nam a2200157Ia 4500 | ||
|---|---|---|---|
| 003 | LK-CoDNM | ||
| 008 | 010623t1983 xxu||||| |||| 00| 1 eng d | ||
| 040 |
_aLK-CoDNM _dLK-CoDNM _eLK-CoDNM |
||
| 041 | _aeng | ||
| 080 | _a(x)908 CGR | ||
| 100 | _aCordiner,James | ||
| 245 | _aDescription of Ceylon(Containing an account of the country inhabitants natural production) | ||
| 260 |
_bK.V.G. De Silva sons (Colombo)Ltd. _aColombo _c1983 |
||
| 300 | _b360p, 30 cm | ||
| 942 | _cBK | ||
| 999 |
_c112101 _d112101 |
||